Un fuego que enciende otros fuegos: páginas escogidas del Padre Alberto Hurtado, S.J
Guardat en:
| Autor principal: | |
|---|---|
| Format: | Llibre |
| Idioma: | espanyol |
| Publicat: |
Santiago
Pontificia Universidad Católica de Chile
2004
|
| Edició: | 2a. ed |
| Matèries: | |
| Etiquetes: |
Afegir etiqueta
Sense etiquetes, Sigues el primer a etiquetar aquest registre!
|
MARC
| LEADER | 00000cam a2200000 a 4500 | ||
|---|---|---|---|
| 001 | UCK3484 | ||
| 003 | CL-VaPUC | ||
| 008 | 050429e20040000CL |||||||||||||||||spa|d | ||
| 020 | |a 9562994112 | ||
| 082 | 0 | 4 | |a 261 |b FER |2 21 |
| 100 | 0 | |a Fernández E., Samuel |e author |9 491528 | |
| 245 | 1 | 3 | |a Un fuego que enciende otros fuegos: páginas escogidas del Padre Alberto Hurtado, S.J |
| 250 | |a 2a. ed | ||
| 300 | |a 187 p | ||
| 942 | |c BK | ||
| 945 | |d 20050429 00:00:00 |a cmena | ||
| 260 | |a Santiago |b Pontificia Universidad Católica de Chile |c 2004 | ||
| 600 | 0 | |a Hurtado Cruchaga, Alberto |d 1901-1952 |9 309962 | |
| 650 | 0 | |a Teología social |9 326726 | |
| 650 | 0 | |a Problemas sociales |9 258537 | |
| 650 | 0 | |a Educación religiosa |9 308312 | |
| 583 | |a last modification |c 20150924 22:06:29 |k Rodrigo Vera | ||
| 999 | |c 312625 |d 312623 | ||
| 952 | |0 0 |1 0 |4 0 |6 261_000000000000000_FER_2004 |7 0 |8 A |9 383189 |a BIBTEO |b BIBTEO |d 2019-11-21 |i 4098811 |o 261 FER 2004 |p 4098811 |r 2025-01-17 |w 2019-11-21 |y BK |k ICR | ||
| 952 | |0 0 |1 0 |4 0 |6 261_000000000000000_FER_2004 |7 0 |8 A |9 383190 |a BIBTEO |b BIBTEO |d 2019-11-21 |i 4122356 |o 261 FER 2004 |p 4122356 |r 2025-01-17 |w 2019-11-21 |y BK |k ICR | ||
| 952 | |0 0 |1 0 |4 0 |6 261_000000000000000_FER_2004 |7 0 |8 A |9 383191 |a BIBARQ |b BIBARQ |d 2019-11-21 |i 4148517 |o 261 FER 2004 |p 4148517 |r 2025-01-20 |w 2019-11-21 |y BK |k ARQ | ||
| 952 | |0 0 |1 0 |4 0 |6 261_000000000000000_FER_2004 |7 0 |8 A |9 383192 |a BIBEDU |b BIBEDU |d 2019-11-21 |i 4168143 |o 261 FER 2004 |p 4168143 |r 2019-11-21 |w 2019-11-21 |y BK |k EPE | ||
| 952 | |0 0 |1 0 |4 0 |6 261_000000000000000_FER_2004 |7 0 |8 A |9 383193 |a BIBEDU |b BIBEDU |d 2019-11-21 |i 4168151 |o 261 FER 2004 |p 4168151 |r 2019-11-21 |w 2019-11-21 |y BK |k EPE | ||
| 952 | |0 0 |1 0 |4 0 |6 261_000000000000000_FER_2004 |7 0 |8 A |9 383194 |a BIBEDU |b BIBEDU |d 2019-11-21 |i 416816K |o 261 FER 2004 |p 416816K |r 2019-11-21 |w 2019-11-21 |y BK |k EPE | ||
| 952 | |0 0 |1 0 |4 0 |6 261_000000000000000_FER_2004 |7 0 |8 A |9 383195 |a BIBEDU |b BIBEDU |d 2019-11-21 |i 4168178 |o 261 FER 2004 |p 4168178 |r 2019-11-21 |w 2019-11-21 |y BK |k EPE | ||
| 952 | |0 0 |1 0 |4 0 |6 261_000000000000000_FER_2004 |7 0 |8 A |9 383196 |a BIBING |b BIBING |d 2019-11-21 |i 4175328 |o 261 FER 2004 |p 4175328 |r 2025-01-20 |w 2019-11-21 |y BK |k ING | ||
| 952 | |0 0 |1 0 |4 0 |6 261_000000000000000_FER_2004 |7 0 |8 A |9 383197 |a BIBING |b BIBING |d 2019-11-21 |i 4175336 |o 261 FER 2004 |p 4175336 |r 2025-01-20 |w 2019-11-21 |y BK |k ING | ||
| 952 | |0 0 |1 0 |4 0 |6 261_000000000000000_FER_2004 |7 0 |8 A |9 383198 |a BIBING |b BIBING |d 2019-11-21 |i 4175344 |o 261 FER 2004 |p 4175344 |r 2025-01-20 |w 2019-11-21 |y BK |k ING | ||
| 952 | |0 0 |1 0 |4 0 |6 261_000000000000000_FER_2004 |7 0 |8 A |9 383199 |a BIBTEO |b BIBTEO |d 2019-11-21 |i 4174658 |o 261 FER 2004 |p 4174658 |r 2025-01-17 |w 2019-11-21 |y BK |k ICR | ||
| 952 | |0 0 |1 0 |4 0 |6 261_000000000000000_FER_2004 |7 0 |8 A |9 383200 |a BIBTEO |b BIBTEO |d 2019-11-21 |i 4174666 |o 261 FER 2004 |p 4174666 |r 2025-01-17 |w 2019-11-21 |y BK |k ICR | ||
| 952 | |0 0 |1 0 |4 0 |6 261_000000000000000_FER_2004 |7 0 |8 A |9 383201 |a BIBTEO |b BIBTEO |d 2019-11-21 |i 4174674 |o 261 FER 2004 |p 4174674 |r 2025-01-17 |w 2019-11-21 |y BK |k ICR | ||
| 952 | |0 0 |1 0 |4 0 |6 261_000000000000000_FER_2004 |7 0 |8 A |9 383202 |a BIBTEO |b BIBTEO |d 2019-11-21 |i 4174682 |o 261 FER 2004 |p 4174682 |r 2025-01-17 |w 2019-11-21 |y BK |k ICR | ||
| 952 | |0 0 |1 0 |4 0 |6 261_000000000000000_FER_2004 |7 0 |8 A |9 383203 |a BIBTEO |b BIBTEO |d 2019-11-21 |i 4174690 |o 261 FER 2004 |p 4174690 |r 2025-01-17 |w 2019-11-21 |y BK |k ICR | ||
| 952 | |0 0 |1 0 |4 0 |6 261_000000000000000_FER_2004 |7 0 |8 A |9 383204 |a BIBTEO |b BIBTEO |d 2019-11-21 |i 4174704 |o 261 FER 2004 |p 4174704 |r 2025-01-17 |w 2019-11-21 |y BK |k ICR | ||
| 952 | |0 0 |1 0 |4 0 |6 261_000000000000000_FER_2004 |7 0 |8 A |9 383205 |a BIBDER |b BIBDER |d 2019-11-21 |i 4179390 |o 261 FER 2004 |p 4179390 |r 2023-01-25 |w 2019-11-21 |y BK |k DER | ||
| 952 | |0 0 |1 0 |4 0 |6 261_000000000000000_FER_2004 |7 0 |8 A |9 383206 |a BIBDER |b BIBDER |d 2019-11-21 |i 4179382 |o 261 FER 2004 |p 4179382 |r 2023-01-25 |w 2019-11-21 |y BK |k DER | ||
| 952 | |0 0 |1 0 |4 0 |6 261_000000000000000_FER_2004 |7 0 |8 A |9 383207 |a BIBGIM |b BIBGIM |d 2019-11-21 |i 4175360 |o 261 FER 2004 |p 4175360 |r 2025-01-15 |w 2019-11-21 |y BK |k GIM | ||
| 952 | |0 0 |1 0 |4 0 |6 261_000000000000000_FER_2004 |7 0 |8 A |9 383208 |a BIBGIM |b BIBGIM |d 2019-11-21 |i 4175379 |o 261 FER 2004 |p 4175379 |r 2025-01-15 |w 2019-11-21 |y BK |k GIM | ||
| 952 | |0 0 |1 0 |4 0 |6 261_000000000000000_FER_2004 |7 0 |8 A |9 383209 |a BIBGIM |b BIBGIM |d 2019-11-21 |i 4175387 |o 261 FER 2004 |p 4175387 |r 2025-01-15 |w 2019-11-21 |y BK |k GIM | ||
| 952 | |0 0 |1 0 |4 0 |6 261_000000000000000_FER_2004 |7 0 |8 A |9 383210 |a BIBCUR |b BIBCUR |d 2019-11-21 |i 4175824 |l 1 |m 1 |o 261 FER 2004 |p 4175824 |r 2025-04-22 |s 2022-11-07 |w 2019-11-21 |y BK |k PER | ||
| 952 | |0 0 |1 0 |4 0 |6 261_000000000000000_FER_2004 |7 0 |8 A |9 383211 |a BIBHIS |b BIBHIS |d 2019-11-21 |i 4182138 |o 261 FER 2004 |p 4182138 |r 2025-01-20 |w 2019-11-21 |y BK |k HIS | ||
| 952 | |0 0 |1 0 |4 0 |6 261_000000000000000_FER_2004 |7 0 |8 A |9 383212 |a BIBHIS |b BIBHIS |d 2019-11-21 |i 4182146 |o 261 FER 2004 |p 4182146 |r 2025-01-20 |w 2019-11-21 |y BK |k HIS | ||
| 952 | |0 0 |1 0 |4 0 |6 261_000000000000000_FER_2004 |7 0 |8 A |9 383213 |a BIBARQ |b BIBARQ |d 2019-11-21 |i 4183606 |o 261 FER 2004 |p 4183606 |r 2025-01-20 |w 2019-11-21 |y BK |k ARQ | ||
| 952 | |0 0 |1 0 |4 0 |6 261_000000000000000_FER_2004 |7 0 |8 A |9 383214 |a BIBARQ |b BIBARQ |d 2019-11-21 |i 4183614 |o 261 FER 2004 |p 4183614 |r 2025-01-20 |w 2019-11-21 |y BK |k ARQ | ||
| 952 | |0 0 |1 0 |4 0 |6 261_000000000000000_FER_2004 |7 0 |8 A |9 383215 |a BIBMEC |b BIBMEC |d 2019-11-21 |i 4182588 |o 261 FER 2004 |p 4182588 |r 2024-01-19 |w 2019-11-21 |y BK |k MEC | ||
| 952 | |0 0 |1 0 |4 0 |6 261_000000000000000_FER_2004 |7 0 |8 A |9 383216 |a BIBMEC |b BIBMEC |d 2019-11-21 |i 4182596 |o 261 FER 2004 |p 4182596 |r 2024-01-19 |w 2019-11-21 |y BK |k MEC | ||
| 952 | |0 0 |1 0 |4 0 |6 261_000000000000000_FER_2004 |7 0 |8 P |9 383217 |a BIBEDU |b BIBEDU |d 2019-11-21 |i 4185595 |o 261 FER 2004 |p 4185595 |r 2022-01-17 |w 2019-11-21 |y BK |k MUS | ||
| 952 | |0 0 |1 0 |4 0 |6 261_000000000000000_FER_2004 |7 0 |8 P |9 383218 |a BIBEDU |b BIBEDU |d 2019-11-21 |i 4185609 |o 261 FER 2004 |p 4185609 |r 2023-01-12 |w 2019-11-21 |y BK |k MUS | ||
| 952 | |0 0 |1 0 |4 0 |6 261_000000000000000_FER_2004 |7 0 |8 A |9 383219 |a BIBTEO |b BIBTEO |d 2019-11-21 |i 4518675 |o 261 FER 2004 |p 4518675 |r 2025-01-17 |w 2019-11-21 |y BK |k ICR | ||
| 952 | |0 0 |1 0 |4 0 |6 261_000000000000000_FER_2004 |7 0 |8 X |9 383220 |a FDOBUD |b FDOBUD |d 2019-11-21 |i 455776K |o 261 FER 2004 |p 455776K |r 2019-11-21 |w 2019-11-21 |y BK_X |k BUD | ||
| 952 | |0 0 |1 0 |4 0 |6 261_000000000000000_FER_2004 |7 0 |8 X |9 383221 |a FDOBUD |b FDOBUD |d 2019-11-21 |i 4557778 |o 261 FER 2004 |p 4557778 |r 2019-11-21 |w 2019-11-21 |y BK_X |k BUD | ||
| 952 | |0 0 |1 0 |4 0 |6 261_000000000000000_FER_2004 |7 0 |8 A |9 383222 |a BIBGIM |b BIBGIM |d 2019-11-21 |i 4662717 |o 261 FER 2004 |p 4662717 |r 2025-01-15 |w 2019-11-21 |y BK |k GIM | ||
| 952 | |0 0 |1 0 |3 erb |4 0 |6 261_000000000000000_FER_2004 |7 0 |8 A |9 383224 |a BIBGIM |b BIBGIM |i 5426855 |o 261 FER 2004 |p 5426855 |r 2025-01-15 |w 2019-11-21 |y BK |z Catalogado en:20170929 |k GIM | ||